000 02289nam0a2200373 i 4500
001 RU\NLR\BIBL_A\011322074
005 20260407123752.0
010 _a9785724708715
_950
021 _aRU
_b2017-440
_933
035 _a(NLR Aleph) 011322074
090 _a11084499
_c11084499
100 _a20170207d2016 k y0rusy50 ca
101 0 _arus
102 _aRU
105 _ay z 000zy
200 1 _aПсихолого-педагогические и медицинские аспекты обеспечения профессиональной деятельности сотрудников ОВД
_eмонография
_f[Э.Р. Исхаков - д.м.н., проф., В.Л. Линевич - к.психол.н., доц., Л.Г. Бикчинтаева - к.психол.н., доц., А.В. Гайнуллина - к.психол.н.]
_gМ-во внутр. дел Рос. Федерации, ФГКОУ ВО Уфим. юрид. ин-т
210 _aУфа
_cредакционно-издательский отдел Уфимского юридического института МВД России
_d2016
215 _a71 c.
_d21
300 _aАвт. указаны на обороте тит. л.
320 _aБиблиогр.: с. 68-71 и в подстроч. примеч.
606 1 _aОрганы внутренних дел
_xКадры
_xПрофессиональная деятельность
_xПсихолого-педагогический аспект
_92098718
_3RU\NLR\AUTH\661269560
606 1 _aОрганы внутренних дел
_xКадры
_xПрофессиональная деятельность
_yРоссийская Федерация
_92363975
_3RU\NLR\AUTH\661411441
686 1 _aХ621.163.01
686 1 _aЮ947.29
701 1 _aИсхаков
_bЭ. Р.
_gЭдуард Робертович
701 1 _aЛиневич
_bВ. Л.
_gВладимир Леонтьевич
701 1 _aБикчинтаева
_bЛ. Г.
_gЛяля Гильвановна
701 1 _aГайнуллина
_bА. В.
_gАйгуль Вильевна
712 0 2 _4570
_aУфимский юридический институт
_3RU\NLR\AUTH\889963970
_9424180
942 _cBOOK
980 _aNBR